O Rei Leão (Registo nº 36341)
[ vista simples ]
| 000 -Etiqueta do registo | |
|---|---|
| Valores | 00582nam a2200217 4500 |
| 010 ## - Número ISBN | |
| ISBN | 9788447143283 |
| 021 ## - Número do Depósito Legal | |
| Código do país | Portugal |
| 100 ## - Dados gerais de processamento | |
| Dados gerais | 20240814 pory50 |
| 101 ## - Língua de publicação | |
| Língua | Português |
| 102 ## - País de publicação | |
| País | Portugal |
| 200 ## - Titulo e menção de responsabilidade | |
| Título próprio | O Rei Leão |
| Primeira menção de responsabilidade | Malgorzata Strzalkowska |
| Outras menções de responsabilidade | Ben Butcher |
| -- | Joana Vasconcelos |
| 210 ## - Publicação | |
| Local de publicação | Agualva Cacém |
| Nome do editor | Editorial Salvat |
| Data de publicação | 2019 |
| 215 ## - Descrição física | |
| Paginação / Volumes | 25 p. |
| Outras indicações físicas | mt. il. |
| Dimensões | 21 cm |
| 225 ## - Colecção | |
| Título próprio da colecção | Contos de Ouro |
| 606 ## - Nome comum usado como assunto | |
| Palavra de ordem | Literatura infantil e juvenil |
| 700 ## - Autor principal | |
| Função | Autor |
| ID Autoridade | 6696 |
| Apelido | Strzalkowska |
| Nome | Malgorzata |
| 801 ## - Fonte de origem | |
| País | PT |
| Regras de catalogação | RPC |
| 090 ## - Tipo de documento | |
| Koha biblioitem number (autogenerated) | 36341 |
| 990 ## - Elementos KOHA | |
| Tipo de documento | Livro |
| 994 ## - Estado da catalogação | |
| Situação | Completo |
| Situação do levantamento | Situação do extravio | Biblioteca de origem | Biblioteca de empréstimo | Código de barras | Cota | Permissão de empréstimo | Tipo de documento | Forma de aquisição |
|---|---|---|---|---|---|---|---|---|
| Completo | Biblioteca Municipal de Viana Do Alentejo | Biblioteca Municipal de Viana Do Alentejo | 0034776 | 087.5 STR | Disponível | Livro | Oferta |